|
|
|
|
| LEADER |
00000nam0a2200000 4500 |
| 001 |
50931 |
| 005 |
20231031033948.0 |
| 035 |
|
|
|a (RuTPU)RU\TPU\book\53319
|
| 090 |
|
|
|a 50931
|
| 100 |
|
|
|a 20030422d1982 k y0rusy50 ca
|
| 101 |
0 |
|
|a rus
|
| 102 |
|
|
|a RU
|
| 105 |
|
|
|a a z 001zy
|
| 200 |
1 |
|
|a Предохранительные и обратные клапаны паротурбинных установок
|f П. Л. Сурис
|
| 210 |
|
|
|a Москва
|c Энергоиздат
|d 1982
|
| 215 |
|
|
|a 193 с.
|c ил.
|
| 320 |
|
|
|a Библиогр.: с. 189-192.
|
| 610 |
1 |
|
|a паровые котлы
|
| 610 |
1 |
|
|a клапаны
|
| 610 |
1 |
|
|a предохранители
|
| 610 |
1 |
|
|a паротурбинные установки
|
| 610 |
1 |
|
|a гидродинамические характеристики
|
| 610 |
1 |
|
|a динамика
|
| 610 |
1 |
|
|a обратные клапаны
|
| 675 |
|
|
|a 621.165
|v 3
|
| 700 |
|
1 |
|a Сурис
|b П. Л.
|g Павел Львович
|
| 801 |
|
1 |
|a RU
|b 63413507
|c 20030422
|g PSBO
|
| 801 |
|
2 |
|a RU
|b 63413507
|c 20150430
|g PSBO
|
| 942 |
|
|
|c BK
|